000 00852cam a2200229 4500
001 WB3641-20
008 000000n2000 000 0 eng u
035 _a(Sirsi) u108842
245 _aHuman Rights Act halts inquiry
260 _c2000
490 _aBuilding
_v265 (8157) 13 October 2000, 14 (1)
520 _aA residents' association opposed to the commerical development of a Ministry of Defence site by Alconbury have invoked Article 6 of the Human Rights Act which could find that the SoS cannot always rule on planning decisions.
590 _aWB
650 _aHUMAN RIGHTS ACT 1998
650 _aSOS ENVIRONMENT
650 _aPLANNING PROCEDURE
650 _aPLANNING SYSTEM
650 _aPLANNING INQUIRIES
650 _aPLANNING DECISIONS
690 _aENVIRONMENTAL AND LAND CONSULTANCY-PLANNING AND DEVELOPMENT
942 _n0
999 _c64984
_d64984